| 000 | 00526nam a2200169 i 4500 | ||
|---|---|---|---|
| 001 | 63614 | ||
| 003 | ES-MaACL | ||
| 005 | 20230906164926.0 | ||
| 007 | t| | ||
| 008 | 031212s1961 le ||||1| spa d | ||
| 111 | 2 |
_aFestival Internacional de Baalbeck ( _n6º. _d1961. _cBaalbeck) _9746 |
|
| 245 | 1 | 0 | _aVIm festival international de Baalbeck. |
| 260 |
_aBaalbeck : _b[s.n.], _c1961. |
||
| 300 |
_a169 p., 5 lám. : _bil. ; _c28 cm. |
||
| 740 | 0 | _aSexto festival international Baalbeck. | |
| 852 |
_aES-MaACL _jC-26581 _bR.55095 |
||
| 999 |
_c63614 _d63614 |
||